Films avec Micheline Presle par image - Statistiques

Statistiques générales
  • Ce quiz a été pris 9 fois
  • Le résultat moyen est 4 sur 16
Statistiques - réponses
Par images Réponse % Correct
Peau d'âne
89%
Chouchou
56%
Les Misérables
33%
Napoléon
33%
La Religieuse
22%
Le Baron de l'écluse
22%
Le Diable au corps
22%
L'Evénement le plus important depuis que l'homme a marché sur la Lune
22%
Boule de suif
11%
Falbalas
11%
Fanfan
11%
I Want to Go Home
11%
La Belle de Paris
11%
L'Assassin
11%
Le Roi de cœur
11%
Paradis perdu
11%
Aucun quiz correspondant
Distribution des résultats
% des personnes avec chaque résultat
Percentile par nombre de réponses
Votre historique - résultats
Vous n’avez pas pris ce quiz